[Event "Miedzyzdroje OB Seniors 24th"]
[Site "Miedzyzdroje"]
[Date "2016.06.25"]
[Round "9"]
[White "Senkbeil, Uwe"]
[Black "Mueller Schwartz, Joachim"]
[Result "1/2-1/2"]
[WhiteElo "1194"]
[BlackElo "1679"]
[PlyCount "103"]
[EventDate "2016.06.17"]
[EventType "swiss"]
[EventRounds "9"]
[EventCountry "POL"]
[SourceTitle "EXT 2019"]
[Source "ChessBase"]
[SourceDate "2018.10.10"]
[SourceVersion "1"]
[SourceVersionDate "2018.10.10"]
[SourceQuality "1"]

1. d4 Nf6 2. c4 d5 3. e3 e6 4. Nf3 Bb4+ 5. Bd2 Bxd2+ 6. Nbxd2 b6 7. Be2 Nbd7 8. 0-0 c5 9. cxd5 Nxd5 10. dxc5 Nxc5 11. Bb5+ Bd7 12. Bxd7+ Qxd7 13. Re1 Nd3 14. Re2 Nxb2 15. Qb3 Na4 16. Ne5 Nc5 17. Nxd7 Nxb3 18. Nxb6 Nxa1 19. Nxa8 Ke7 20. e4 Nc3 21. Re3 Nxe4 22. Rxe4 Rxa8 23. Rc4 Rd8 24. Nf1 Rd1 25. Rc7+ Kf6 26. Rxa7 Nc2 27. g3 Nd4 28. Kg2 Nb5 29. Ra5 Nc3 30. Ne3 Ra1 31. a3 Ra2 32. Nc4 Ne4 33. Ra8 Nxf2 34. a4 Ng4+ 35. Kf3 Ne5+ 36. Nxe5 Kxe5 37. a5 Kd6 38. a6 Kc6 39. Ra7 Ra5 40. Kg4 f5+ 41. Kh4 g6 42. Rxh7 Rxa6 43. Rg7 Ra4+ 44. Kh3 Rg4 45. Kg2 e5 46. h3 Rg5 47. Kf3 e4+ 48. Kf4 Rh5 49. Rxg6+ Kd5 50. g4 Rxh3 51. gxf5 e3 52. Rg3 1/2-1/2

[Event "Miedzyzdroje OB Seniors 24th"]
[Site "Miedzyzdroje"]
[Date "2016.06.20"]
[Round "4"]
[White "Mueller Schwartz, Joachim"]
[Black "Schmidt, Hans Juergen"]
[Result "0-1"]
[WhiteElo "1679"]
[BlackElo "1865"]
[PlyCount "46"]
[EventDate "2016.06.17"]
[EventType "swiss"]
[EventRounds "9"]
[EventCountry "POL"]
[SourceTitle "EXT 2019"]
[Source "ChessBase"]
[SourceDate "2018.10.10"]
[SourceVersion "1"]
[SourceVersionDate "2018.10.10"]
[SourceQuality "1"]

1. Nf3 d5 2. c3 c6 3. b3 Bf5 4. e3 e6 5. d4 Nf6 6. Bd3 Ne4 7. 0-0 Bd6 8. Qc2 Nd7 9. Nbd2 Ndf6 10. Nh4 Nxd2 11. Nxf5 Nxf1 12. Nxd6+ Qxd6 13. Bxf1 Ne4 14. c4 Qe7 15. Bd3 f5 16. f3 Nf6 17. e4 fxe4 18. fxe4 dxe4 19. Bxe4 Nxe4 20. Qxe4 0-0 21. Bf4 Qf6 22. Bg3 Rad8 23. Qe2 Qxd4+ 0-1

[Event "Miedzyzdroje OB Seniors 24th"]
[Site "Miedzyzdroje"]
[Date "2016.06.18"]
[Round "2"]
[White "Mueller Schwartz, Joachim"]
[Black "Lewandowski, Tadeusz"]
[Result "1/2-1/2"]
[WhiteElo "1679"]
[BlackElo "1753"]
[PlyCount "52"]
[EventDate "2016.06.17"]
[EventType "swiss"]
[EventRounds "9"]
[EventCountry "POL"]
[SourceTitle "EXT 2019"]
[Source "ChessBase"]
[SourceDate "2018.10.10"]
[SourceVersion "1"]
[SourceVersionDate "2018.10.10"]
[SourceQuality "1"]

1. Nf3 Nf6 2. c4 e6 3. b3 d5 4. e3 Be7 5. Bb2 0-0 6. Nc3 c5 7. d4 Nc6 8. cxd5 exd5 9. Be2 cxd4 10. Nxd4 Nxd4 11. Qxd4 Bf5 12. 0-0 Rc8 13. Rfd1 Bc5 14. Qd2 Be6 15. Bf3 Qe7 16. Nxd5 Nxd5 17. Bxd5 Bxd5 18. Qxd5 Ba3 19. Bxa3 Qxa3 20. Qxb7 Rc2 21. g3 g6 22. b4 Rxa2 23. Rxa2 Qxa2 24. b5 Re8 25. Kg2 f5 26. Kf3 Kf8 1/2-1/2